Manažérske rozhodovanie vo vybranom podniku bakalárska práca

Uložené v:
Podrobná bibliografia
Hlavný autor: Michalčaková, Andrea
Korporativný autor: Fakulta podnikového manažmentu EU. Katedra manažmentu
Ďalší autori: Mišíková, Natália, 1999-
Médium: Kniha
Jazyk:Slovak
Vydavateľské údaje: Bratislava 2025
Tagy: Pridať tag
Žiadne tagy, Buďte prvý, kto otaguje tento záznam!

MARC

LEADER 00000nbm a2200000 4500
001 0309841
005 20260323130831.2
041 0 |a slo 
044 |a SK 
245 1 0 |a Manažérske rozhodovanie vo vybranom podniku  |b bakalárska práca  |c Andrea Michalčaková ; školiteľ: Natália Mišíková 
264 1 |a Bratislava  |c 2025 
300 |a 58 s. 
100 1 |a Michalčaková, Andrea 
700 1 |a Mišíková, Natália, 1999- 
710 2 |a Fakulta podnikového manažmentu EU. Katedra manažmentu